Biografi agung Salahuddin Al-Ayyubi : penakluk tentera salib

Main Author: Syed Alwi Alatas (Author)
Language:Aymara
Published: Selangor: Grup Buku Karangkraf Sdn.Bhd., 2014
Subjects:
LEADER 01002cam a2200277 7i4500
001 0000123280
005 20250515090000.0
008 250515t20142014my # ### #00001maym#
020 # # |a 9789678604468  
040 # # |a UMT   |b eng   |c UMT   |e rda 
090 0 0 |a DS 38.4   |b .S9 2014 
100 0 # |a Syed Alwi Alatas   |e author  
245 1 0 |a Biografi agung Salahuddin Al-Ayyubi :   |b penakluk tentera salib   |c Syed Alwi Alatas. 
264 # 1 |a Selangor:   |b Grup Buku Karangkraf Sdn.Bhd.,   |c 2014 
264 # 4 |c ♭2014 
300 # # |a xviii, 434 pages:   |b illustrations;   |c 23 cm 
336 # # |a text --   |2 rdacontent 
337 # # |a unmediated --   |2 rdamedia 
338 # # |a volume --   |2 rdacarrier 
504 # # |a Rujukan : muka surat [417]-424 
600 1 0 |a Saladin,   |c Sultan of Egypt and Syria,   |d 1137-1193 
650 0 0 |a Islamic Empire  
651 # 0 |a Egypt --   |x Kings and rulers  
651 # 0 |a Syria --   |x Kings and rulers  
999 |a 1100093305  |b Book  |c Open Shelf  |e KOLEKSI TERBUKA 
999 |a 1100098935  |b Book  |c Open Shelf  |e KOLEKSI TERBUKA